000 00549nam a2200217Ia 4500
003 OSt
005 20221007082349.0
006 a|||||r|||| 00| 0
007 ta
008 221006b |||||||| |||| 00| 0 eng d
024 _a28,406
037 _cTextual
040 _aFLL
_cFLL
_beng
041 _2eng
_aeng
082 _aZ73,81y7N78, L8
100 _aBakke V.
_9699053
245 0 _aRegents of the university of Oalibormia
260 _c1978
942 _hZ73,81y7N78, L8
_cTEXL
_2CC
999 _c1166196
_d1166196